| 000 | 00315nam a22001217a 4500 | ||
|---|---|---|---|
| 082 |
_a332.6322 _bWIT |
||
| 245 | _aStocks and shares | ||
| 260 |
_aLondon: _bWilliam Clowes and Son, Limited _cc1910 |
||
| 300 |
_axi, 371p; _c19cm |
||
| 526 |
_a0 _b0 _c0 _d332_632200000000000_WIT |
||
| 650 |
_aMCE _9379 |
||
| 942 |
_2ddc _cBK |
||
| 999 |
_c552014 _d552014 |
||